FNaF 1 Quiz - Statistics

General Stats
  • This quiz has been taken 343 times
  • The average score is 7 of 10
Answer Stats
Question Answer % Correct
Which animatronic does not appear in FNaF 1? Balloon Boy
87%
What happens when your power reaches 0%? Killed by Freddy
87%
What happens when Golden Freddy jumpscares you? Game crashes
83%
How many cameras can Foxy appear on? 2
74%
What year was FNaF 1 released in? 2014
74%
How many total nights are in FNaF 1? 7
74%
How many cameras can Bonnie appear on? 6
57%
What is the hardest FNaF 1 mode called? 4/20
52%
How many cameras can Freddy appear on? 5
43%
How many cameras can Chica appear on? [INCLUDING KITCHEN] 6
35%
No matching quizzes found
Score Distribution
Percent of People with Each Score
Percentile by Number Answered
Your Score History
You have not taken this quiz